|
|
|
|
| LEADER |
01663nam a22004095i 4500 |
| 001 |
978-1-57340-359-7 |
| 003 |
DE-He213 |
| 005 |
20150519174419.0 |
| 007 |
cr nn 008mamaa |
| 008 |
120207s2009 xxk| s |||| 0|eng d |
| 020 |
|
|
|a 9781573403597
|9 978-1-57340-359-7
|
| 024 |
7 |
|
|a 10.1007/978-1-57340-359-7
|2 doi
|
| 040 |
|
|
|d GrThAP
|
| 050 |
|
4 |
|a RC346-429.2
|
| 072 |
|
7 |
|a MJN
|2 bicssc
|
| 072 |
|
7 |
|a MED056000
|2 bisacsh
|
| 082 |
0 |
4 |
|a 616.8
|2 23
|
| 245 |
1 |
0 |
|a Atlas of Clinical Neurology
|h [electronic resource] /
|c edited by Roger N. Rosenberg.
|
| 250 |
|
|
|a Third Edition.
|
| 264 |
|
1 |
|a London :
|b Current Medicine Group,
|c 2009.
|
| 300 |
|
|
|a 560 p. 223 illus. in color.
|b online resource.
|
| 336 |
|
|
|a text
|b txt
|2 rdacontent
|
| 337 |
|
|
|a computer
|b c
|2 rdamedia
|
| 338 |
|
|
|a online resource
|b cr
|2 rdacarrier
|
| 347 |
|
|
|a text file
|b PDF
|2 rda
|
| 505 |
0 |
|
|a Developmental Disorders -- Genetic Diseases of the Nervous System -- Neuroendocrine Disorders -- Critical Care Neurology -- Cerebrovascular Disease -- Dementias -- Behavioral Neurology -- Neuro-oncology -- Movement Disorders -- The Epilepsies -- Neuromuscular Disease -- Infectious Diseases of the Nervous System -- Neuroimmunology -- Neurotoxic Disorders -- Headache.
|
| 650 |
|
0 |
|a Medicine.
|
| 650 |
|
0 |
|a Neurology.
|
| 650 |
1 |
4 |
|a Medicine & Public Health.
|
| 650 |
2 |
4 |
|a Neurology.
|
| 700 |
1 |
|
|a Rosenberg, Roger N.
|e editor.
|
| 710 |
2 |
|
|a SpringerLink (Online service)
|
| 773 |
0 |
|
|t Springer eBooks
|
| 776 |
0 |
8 |
|i Printed edition:
|z 9781573402835
|
| 856 |
4 |
0 |
|u http://dx.doi.org/10.1007/978-1-57340-359-7
|z Full Text via HEAL-Link
|
| 912 |
|
|
|a ZDB-2-SME
|
| 950 |
|
|
|a Medicine (Springer-11650)
|